| 000 | 00963nam a2200217Ia 4500 | ||
|---|---|---|---|
| 003 | OSt | ||
| 005 | 20211124155308.0 | ||
| 008 | 210310s1993 ck gr 000 0 spa d | ||
| 040 |
_aCO-JMCR _cCO-JMCR |
||
| 041 | 0 | _aspa | |
| 082 | 0 | 4 |
_a336.34 / _bD419m _223 |
| 110 | 2 |
_aDepartamento Nacional de Planeación _eautor _91612 |
|
| 245 | 1 | 0 |
_aManual de tramites de crédito publico interno y externo / _bDepartamento Nacional de Planeación |
| 260 |
_a[Bogotá] : _bDNP, _c[1996]. |
||
| 300 |
_a40 páginas : _bilustraciones y gráficas en blanco y negro ; _c26 cm. |
||
| 501 | _aCon: notas a pie de página. | ||
| 505 | 0 | _aClases de créditos externos. -- Endeudamiento interno. -- La presentación de los proyectos. -- Autorización para la gestión de un proyecto. -- El concepto DNP. -- Metodología para el análisis financiero. | |
| 650 | 1 | 4 |
_aCrédito público _xManual _941674 |
| 650 | 2 | 4 |
_aTramites de crédito público _xManual _941675 |
| 942 |
_2ddc _cBK |
||
| 999 |
_c12787 _d12787 |
||